01292nam a2200241Ia 4500001000900000003001000009008004100019040002500060041001300085100001200098245008000110250001100190260002100201300001200222500023100234501011400465520023100579650002900810942000700839957000600846999004000852952015800892L010-124IT-CnALBA170116s9999||||xx |||||||||||||| ||und|| aIT-CnALBAcIT-CnALBA aITALIANO aAA. VV. 0aPICCOLA ENCICLOPEDIA SULLA STAMPA (MANCANTE DI 128 PGG. ALL'INIZIO VOLUME)  a1a ed. aS.C.bS.e.cn.d. a807 p.  aGIORNALI PERIODICI. RIVISTE. ASSOCIAZIONI GIORNALISTICHE. GIORNALISTI ITALIANI PER ORDINE ALFABETICO. LEGGI SULLA STAMPA. RIVENDITORI DI GIORNALI. ASSOCIAZIONE TIPOGRAFICA LIBRERIE ITALIANA. LIBRERIE. LITOGRAFIE. PUBBLICITA'.  aSocietà San Paolo EM - Piazza San Paolo, 14 - 12051 ALBA (CN) (non commercial uses only) ® Copyright 2017 aGIORNALI PERIODICI. RIVISTE. ASSOCIAZIONI GIORNALISTICHE. GIORNALISTI ITALIANI PER ORDINE ALFABETICO. LEGGI SULLA STAMPA. RIVENDITORI DI GIORNALI. ASSOCIAZIONE TIPOGRAFICA LIBRERIE ITALIANA. LIBRERIE. LITOGRAFIE. PUBBLICITA'.  aBIBLIOGRAFIE E CATALOGHI cBK 71 a223bNOg Copie: 1 c259361d259361 0010406L_01012471aALBAbALBAd2017-01-16l0oL010-124r2017-01-16 00:00:00w2017-01-16yBKz(data import: 16 gennaio 2017) - By Epidotti, Vaglietti.